| 000 | 00338pam a2200145 a 4500 | ||
|---|---|---|---|
| 020 | _c | ||
| 041 | _h | ||
| 082 |
_a750 _bGAR |
||
| 100 | _aGovind Gare. | ||
| 245 |
_aWarali Painting _bWarali Painting _hTextual Documents |
||
| 250 | _a2006. | ||
| 260 |
_aPune: _bSrividya Shanivar peth ,pune. |
||
| 300 |
_a106: _bpaper. |
||
| 930 | _a3532 | ||
| 999 |
_c237322 _d237322 |
||